Statistics for NBA Finals MVPs

Click here to take the quiz!

General Stats

  • This quiz has been taken 74,634 times
    (2,840 since last reset)
  • The average score is 25 of 32

Answer Stats

YearPlayer% Correct
2012, 2013, 2016, 2020LeBron James
100%
2009, 2010Kobe Bryant
99%
1991, 1992, 1993, 1996, 1997, 1998Michael Jordan
99%
2021Giannis Antetokounmpo
97%
2000, 2001, 2002Shaquille O'Neal
97%
2017, 2018Kevin Durant
97%
2011Dirk Nowitzki
96%
2014, 2019Kawhi Leonard
95%
1999, 2003, 2005Tim Duncan
95%
1980, 1982, 1987Magic Johnson
95%
2006Dwyane Wade
93%
1984, 1986Larry Bird
93%
1971, 1985Kareem Abdul-Jabbar
92%
1994, 1995Hakeem Olajuwon
92%
2007Tony Parker
89%
1990Isiah Thomas
88%
2015Andre Iguodala
88%
2008Paul Pierce
87%
1972Wilt Chamberlain
82%
1969Jerry West
74%
1979Dennis Johnson
73%
2004Chauncey Billups
72%
1988James Worthy
64%
1983Moses Malone
61%
1989Joe Dumars
59%
1977Bill Walton
58%
1974John Havlicek
52%
1978Wes Unseld
49%
1975Rick Barry
47%
1970, 1973Willis Reed
46%
1981Cedric Maxwell
30%
1976JoJo White
30%

Score Distribution

Percentile by Number Answered

Percent of People with Each Score

Your Score History

You have not taken this quiz since the last reset